Don’t click WW1 Flage - Statistics

General Stats
  • This quiz has been taken 74 times
  • The average score is 3 of 6
Answers on the Grid
Answers color-coded by a green-red scale on the quiz's grid according to % correct below.
Newfoundland
Canada
Wales
England
Scotland
Japan
USA
Germany
Russia
Austria
Montenegro
 
Answer Stats
Answer % Correct
Wales
72%
England
64%
Scotland
48%
USA
48%
Russia
36%
Japan
32%
No matching quizzes found
Score Distribution
Percent of People with Each Score
Percentile by Number Answered
Your Score History
You have not taken this quiz